| 000 | 00712nac a22002171i 4500 | ||
|---|---|---|---|
| 003 | EG-ScBUE | ||
| 005 | 20230829125011.0 | ||
| 008 | 090226s2001 nju||||| |||| 00| 0 eng d | ||
| 020 | _a0130174408 | ||
| 020 | _a9780130174406 | ||
| 040 |
_aEG-ScBUE _beng _erda _cEG-ScBUE _dEG-ScBUE |
||
| 082 | 0 | 4 |
_a670.42 _bKAL _222 |
| 100 | 1 |
_aKalpakjian, Serope, _eauthor. _95468 |
|
| 245 | 1 | 0 |
_aManufacturing engineering and technology / _cSerope Kalpakjian. |
| 250 | _aFourth edition. | ||
| 264 | 1 |
_aUpper Saddle River, NJ : _bPrentice Hall, _c2001. |
|
| 300 |
_axx, 1148 p. : _bill. ; _c26 cm. |
||
| 650 | 0 |
_aProduction engineering. _95469 |
|
| 650 | 0 |
_aManufacturing processes. _95470 |
|
| 942 |
_cBB _k670.42 KAL _2ddc |
||
| 999 |
_c30492 _d30463 |
||